00604nam a2200169 a 450000100100000000500170001000800410002702000150006804000250008310000260010824500480013426000360018230000210021850000730023995201050031299900170041700004292720201002040514.0140213s1998 sp 000 0 spa d a8423979318 aDO-SdBNPbspacBNPHU1 aFortes, Susana97039614aLas Cenizas de la Bounty. /cSusana Fortes. aMadrid, :bEspasa Calpe,c1998. a160 p. ;c23 cm. aIncluye datos biografícos de la autora en la solapa de la portada. 001050718MOaGRbGRcCTd2014-02-13iLF1l0o p42927-10r2020-06-25w2020-06-25y1ZNo se presta c42416d42416